Sports Quiz

Random Sports Quiz

Yankees All-Time Wins Leaders Quiz Stats

 Plays Quiz not verified by Sporcle

Challenge
Share
Tweet
Embed
Score 0/50 Timer 12:00
0 Plays Today
Years Played Player % Correct
1950 - 1967Whitey Ford
96.4%
1995 2003, 2007 - PresentAndy Pettitte
96.4%
1909 - 1913Russ Ford
96.4%
1999 - 2003, 2007Roger Clemens
90.1%
1975 - 1988Ron Guidry
88.6%
2001 - 2008Mike Mussina
80.8%
1995 - 2000David Cone
80.2%
1995 - PresentMariano Rivera
76%
1997 - 2003David Wells
76%
1930 - 1942Lefty Gomez
69.5%
1979 - 1989Tommy John
69.2%
1930 - 1946Red Ruffing
65.3%
1975 - 1979Catfish Hunter
60.8%
2005 - 2009Chien-Ming Wang
56.9%
1998 - 2004Orlando Hernandez
56%
1964 - 1974Mel Stottlemyre
54.2%
1979 - 1990Dave Righetti
53.3%
1972 - 1978Sparky Lyle
48.8%
1921 - 1930Waite Hoyt
47%
1947 - 1954Allie Reynolds
46.4%
1903 - 1909Jack Chesbro
44.6%
1955 - 1962Bob Turley
41.6%
1923 - 1933Herb Pennock
39.2%
1946 - 1953Vic Raschi
37.7%
1956 - 1964Ralph Terry
35.6%
Years Played Player % Correct
1976 - 1980Ed Figueroa
34.7%
1966 - 1974Fritz Peterson
33.5%
1948 - 1955Ed Lopat
31.4%
1962 - 1968Jim Bouton
30.8%
1922 - 1926Sam Jones
29%
1961 - 1969Al Downing
28.7%
1937 - 1947Spud Chandler
27.5%
1915 - 1927Bob Shawkey
26.6%
1919 - 1923Carl Mays
22.5%
1916 - 1928Urban Shocker
21%
1944 - 1950Joe Page
21%
1966 - 1971Stan Bahnsen
21%
1923 - 1933George Pipgras
19.5%
1932 - 1946Johnny Murphy
18.9%
1940 - 1946Tiny Bonham
14.7%
1904 - 1909Al Orth
12.6%
1922 - 1924Joe Bush
12.6%
1943 - 1957Tommy Byrne
10.8%
1910 - 1917Ray Fisher
10.2%
1910 - 1918Ray Caldwell
9.9%
1942 - 1945Hank Borowy
8.7%
1909 - 1921Jack Quinn
7.2%
1936 - 1940Monte Pearson
6.3%
1908 - 1915Jack Warhop
4.2%
1938 - 1945Atley Donald
1.5%

You're not logged in!

Compare scores with friends on all Sporcle quizzes.
OR
Log In

You Might Also Like...

Show Comments

Extras

Top Quizzes Today


Score Distribution

Your Account Isn't Verified!

In order to create a playlist on Sporcle, you need to verify the email address you used during registration. Go to your Sporcle Settings to finish the process.

Report this User

Report this user for behavior that violates our Community Guidelines.

Details: